00812nam a2200217 i 4500001000300000100003100003245009300034260002100127700002200148700002400170040000800194041000800202942000700210008004100217999001300258856009600271952005100367952005100418952006300469952006200532bg1 aKącki, Edwardd(1925- ).10aGeometria analityczna w zadaniach /cEdward Kącki, Danuta Sadowska, Lucjan Siewierski. aWarszawa,c1975.1 aSadowska, Danuta.1 aSiewierski, Lucjan. cBPK apol cKS950505s1975 pl f |000 0 pol  c386d386 uhttp://koha.tu.koszalin.pl/cgi-bin/koha/opac-detail.pl?biblionumber=386yKatalog online BPK 00104070aBPKbBPKcwoP 11548p01392401yKS 00104070aBPKbBPKcwoP 11549p01840100yKS 00104070aBPKbBPKcwoP 11550p01270914s2017-02-18yKS 00104071aELBUDbELBUDcboP 11551p02227443t514 GyKS